Metin2 - Statystyki

Ogólne statystyki
  • Ten quiz został rozwiązany 307 razy
  • Średni wynik to 8 z 20
Statystyki odpowiedzi
Pytanie Odpowiedź % Poprawnych
Ognisty Duch to umiejętność dla jakiej klasy postaci? Sura BM
95%
NPC odpowiedzialny za wszystkie misje dotyczące Konia. Stajenny
92%
Krycie Się to umiejętność dla jakiej klasy postaci? Ninja Dagger
90%
Aura Miecza to umiejętność dla jakiej klasy postaci? Wojownik Body
88%
Tarcza na 1lvl Bojowa Tarcza
86%
Event - zrzucenie Bossów i Metinów (często niespodziewanie). Zuo
86%
Boss, który występuje na Górze Sohan, ma 72lvl. Dziewięć Ogonów
85%
Tąpnięcie to umiejętność dla jakiej klasy postaci? Wojownik Mental
84%
Miecz na 10lvl. Nie można kupić go u NPC. Sejmitar
83%
Odbicie to umiejętność dla jakiej klasy postaci? Szaman Smok
81%
Klasa postaci dodana w 2014 roku. Likan
80%
NPC, u którego można ulepszacz przedmioty. Kowal
79%
Strach to umiejętność dla jakiej klasy postaci? Sura WP
79%
Który NPC przenosi nas na Konkurs OX? Uriel
79%
W którym roku wydano Metina2 2005
78%
Czerwone królestwo. Shinso
78%
Boss, występuje w Lochach Pająków 1 i 2. Królowa Pająków
77%
Niebieskie Królestwo Jinno
76%
Początkowa książka do nauki polimorfii. Księga Polimorfii
76%
Ognista Strzała to umiejętność dla jakiej klasy postaci? Ninja Archer
76%
Żółte królestwo. Chunjo
74%
Kolczyki na 33lvl Ebonitowe Kolczyki
74%
Bezszelestny Chód to umiejętność dla jakiej klasy postaci? Ninja Archer
74%
Boss. "Jeśli tylko jest w dolinie, nie sposób go nie zauważyć, ponieważ jako bardzo gruby i żółtoskóry mocno wyróżnia się spośród innych stworów". Wódz Orków
74%
Służy do rozwijania umiejętności w stopniu mistrzowskim. Kamień Duchowy
73%
Zadanie od Strażnika Wsi, na którym lvl'u dostajemy to zadanie? 1
71%
Naszyjnik na 22lvl Złoty Naszyjnik
68%
Mroczny Kamień to umiejętność dla jakiej klasy postaci? Sura BM
67%
Pierwsze 4 bonusy można dodawać za pomocą ... Wzmocnienie Przedmiotu
65%
Wirujący Sztylet to umiejętność dla jakiej klasy postaci? Ninja Dagger
62%
Krąg Mieczy to umiejętność dla jakiej klasy postaci? Wojownik Mental
62%
Ulepszacz, który może zostać dropnięty przez Wężowego Miecznika. Ogon Węża
61%
Tarcza na 61lvl, posiada bonus przed atakami Szamanów. Tarcza Smoka
61%
Boss, są aż 3 miejsca, w których się respi. Dropi m.in. Miecz Pełni Księżyca. Ma 42lvl. Best. Kapitan
60%
Tarcza na 61lvl, posiada bonus przed atakami Sury. Lwia Tarcza
60%
Ile osób może być w gildii, aby mogli wypowiadać wojny? 8
59%
Gdzie znajdziemy Metin Duszy? Pustynia Yongbi
57%
Ile jest łącznie do wykonania Analiz Biologa? 6
55%
Potrzeba jednej sztuki podczas ulepszania Tarczy Smoka na +9. Krwawa Perła
55%
Pierwszy miecz, którego wartość ataku może przekroczyć 100. Srebrny Miecz
54%
Rozproszenie Magii to umiejętność dla jakiej klasy postaci? Sura WP
54%
Kolczyki na 15lvl Srebrne Kolczyki
53%
Ile PŻ daje Czerwona Mikstura(Ś)? 800
50%
Kolczyki na 50lvl Ametystowe Kolczyki
50%
Boss, który przywołuje Słabych Małpich Miotaczy. Ma 30lvl. Skalista Małpa
50%
Bransoleta na 54lvl Bransoleta Z Niebiańskich Łez
48%
Zielarz, u którego można zrobić podstawowe soki. Baek-Go
45%
Naszyjnik na 8lvl Miedziany Naszyjnik
45%
Pierwsza główna misja u Uriela nazywa się "Sekret Kamieni Metin". Na którym lvl'u możemy się jej podołać? 30
43%
Błogosławieństwo to umiejętność dla jakiej klasy postaci? Szaman Smok
43%
Kolczyki na 1lvl Drewniane Kolczyki
40%
Rzut Piorunem to umiejętność dla jakiej klasy postaci? Szaman Leczenie
39%
Zbroja dla Ninji na 61lvl. Ubranie Fuksyjne
35%
Ile Smoczych Monet w Item Shopie kosztuje Kupon SM (50)? 80
33%
Zbroja dla Szamana na 26lvl. Miłosna Szata
33%
Jakiego ulepszacza potrzeba do każdego ulepszenia (oprócz na +0) Runicznego Miecza? Odłamek Energii
33%
Gdzie znajdziemy Metin Tu-Young? Czerwony Las
31%
Kolczyki na 46lvl Kryształowe Kolczyki
31%
Jaka wynosi opłata za założenie gildii? 200.000
29%
Bransoleta na 28lvl Jadeitowa Bransoleta
29%
Może być uszlachetniony do Perły używając pieca gildii. Kawałek Perły
29%
Miecz znany jako HMS. Półksiężycowy Miecz
29%
Bransoleta na 42lvl Bransoleta Z Białego Złota
28%
Zbroja dla wojownika na 48lvl. Zbroja Płytowa Z Łusek
28%
Ile doświadczenia zabiera użycie księgi języków? 20.000
27%
Jaka mikstura zwiększa szybkość ataku o: 8% Żółta Rosa
27%
Początkowa książka przywództwa. Zwiększa Dowodzenie. Sztuka Wojny Sun Zi
26%
Burzowy Szpon to umiejętność dla jakiej klasy postaci? Szaman Leczenie
24%
Wola Życia to umiejętność dla jakiej klasy postaci? Wojownik Body
23%
Buty na 39lvl Buty Z Brązu
22%
Może być uszlachetniony do Diamentu używając pieca gildii. Diamentowy Kamień
22%
NPC, ubrany na biało, trzymający w rękach biały wazon. Yonah
22%
Jaka mikstura daje +5 do siły na 3 minuty? Sok Z Pokrzywy
20%
Ile procent dodatkowych obrażeń daje Polimorfia P? 31
19%
Event polegający na zbieraniu Kawałków Bursztynu, żeby uzbierać na nagrodę. Bursztynowa Loteria
19%
Buty na 59lvl Buty Ognistego Ptaka
18%
Nazwij emocję, po której postać kuli się i płacze. Smutek
18%
Zbroja dla Sury na 34lvl. Zbroja Płytowa Yin-Yang
18%
Pierwszy ulepszacz użyty na Mieczu 1lvl jest przy ulepszaniu na +7. Jak się nazywa? Niedźwiedzia Skóra
17%
Boss, znajdziemy go w Twierdzy Czerwonego Smoka. Ma 108lvl. Razador
17%
Boss, znajdziemy go w Świątyni Hwang, ma 54lvl. Ezoteryczny Przywoływacz
13%
Kolczyki na 90lvl Granatowe Kolczyki
13%
Potrzeba go 2 sztuki do ulepszania m.in. Butów Euforii na +5. Mleczny Sok
13%
Specjalna ryba, którą można złowić tylko raz z powodzeniem dziennie. Złoty Tuńczyk
13%
Boss, znajdziemy go w Piekielnych Katakumbach na poziomie 6. Ereb
12%
Naszyjnik na 85lvl Rubinowy Naszyjnik
11%
Gdzie znajdziemy Metin Pychy? Świątynia Smoka
10%
Zbroja dla wojownika na 18lvl Lwia Zbroja Płytowa
9%
Potrzeba go 2 sztuki podczas ulepszania m.in. Chakram na +8. Kawałek Lodu
8%
Pas na 50lvl Pas Lniany
8%
U kogo robi się ostatnią główną misję? Lee Chung
7%
Jaka mikstura daje + 70 obrony na 3 minuty? Woda SamBo
7%
Szarfa, którą pozyskać można poprzez wykonanie misji od 40 poziomu postaci rozmawiając z NPC Theowahdan Szarfa Mistrza (prosta)
6%
Jedyna misja, za którą dostajemy nagrodę, a dostajemy ją automatycznie, bez odwiedzania żadnego NPC. Szkolenie
5%
Potrzeba jej 50 sztuk podczas wykonywania misji na 100lvl "Deszczowy Olejek". Żółć Niedźwiedzia
5%
Napisz ile i czego dostaje się za pierwszą nagradzaną misję. Dostaje się ją na 1lvl'u. (Dla przykładu: "Przedmiot 999x") Czerwona Mikstura 4x
0%
Zielarz, który umożliwia utworzenie mikstur poziomu trzeciego. Huahn-So
0%
Buty na 65-75lvl. Wytwarza się je z Deszczowych Butów. Kozaki Glorii
0%
Podczas misji Pomóż Soon będziesz miał trzy opcje wyboru kolejności wachlarzy. Napisz tą poprawną. Ptasi, Potrójny, Wodny, Żurawi
0%
Potrzeba go 4 sztuki podczas ulepszania jakiejkolwiek zbroi na 80lvl. Smoczy Szpon
0%
Nie znaleziono quizów pasujących do podanych kryteriów
Rozkład punktacji
Procent ludzi z każdym wynikiem
Percentyl według liczby udzielonych odpowiedzi
Twoja historia wyników
Nie rozwiązałeś tego quizu